| 000 | 00652nam a2200217 a 4500 | ||
|---|---|---|---|
| 001 | BRCA_7593 | ||
| 005 | 20190320205913.0 | ||
| 008 | 210613s1948----enkc######---#000-0#eng-# | ||
| 041 | _aeng | ||
| 044 | _aenk | ||
| 050 | 4 |
_aPQ6337 _b.W35 1948 |
|
| 100 | 1 |
_aWalton, L. B. _918730 |
|
| 245 | 1 | 0 |
_aThe living thoughts of Cervantes _cpresented by L. B. Walton ; edited by Alfred O. Mendel. |
| 260 |
_aGran Bretaña _bcassell _c1948 |
||
| 300 |
_a105 p. _bil., retratos _c19 cm. |
||
| 500 | _aS109 | ||
| 600 | 1 | 4 |
_aCervantes Saavedra, Miguel de _d1547-1616 _vBiografías _918731 |
| 700 | 1 |
_aMendel, Alfred O. _eed. _918732 |
|
| 902 | _aGFM | ||
| 942 |
_2lcc _cB |
||
| 999 |
_c7267 _d7267 |
||